UroOncology.

Bibliographic Details
Uniform Title:UroOncology (Online)
Format: Journal
Language:English
Published: [London] : Gordon and Breach.
Subjects:
Online Availability: Check for online availability

MARC

Tag First Indicator Second Indicator Subfields
LEADER 00000cas a2200000 a 4500
001 in00002003141
005 20151031142910.0
006 m d
007 cr mnu--------
008 020822c20019999enkqx pss 0 0eng d
010 |a  2004263022 
022 |a 1477-2795  |y 1561-0950 
035 |a (OCoLC)ocm50447095 
037 |b Taylor & Francis, Inc., 11 New Fetter Lane, London EC4P 4EE, UK 
040 |a F#A  |c F#A  |d OCLCQ  |d F#A  |d TXA  |d UtOrBLW 
042 |a lcd 
049 |a TXAM 
050 1 4 |a RC280.G52  |b U76 Electronic 
092 |a 616.9946 
130 0 |a UroOncology (Online) 
245 1 0 |a UroOncology. 
264 1 |a [London] :  |b Gordon and Breach. 
310 |a Four no. a year 
336 |a text  |b txt  |2 rdacontent 
337 |a computer  |b c  |2 rdamedia 
338 |a online resource  |b cr  |2 rdacarrier 
362 1 |a Began in 2001? 
500 |a Description based on: Volume 2, number 1 (2002); title from issue table of contents (MetaPress, viewed Nov. 18, 2004). 
500 |a Latest issue consulted: Volume 4, number 1 (Mar. 2004) (viewed Nov. 18, 2004). 
530 |a Also issued in print. 
538 |a Mode of access: World Wide Web. 
500 |a Electronic resource. 
650 0 |a Genitourinary organs  |x Cancer  |v Periodicals. 
650 0 |a Urinary organs  |x Cancer  |v Periodicals. 
650 0 |a Generative organs, Male  |x Cancer  |v Periodicals. 
650 0 |a Urology  |v Periodicals. 
650 0 |a Oncology  |v Periodicals. 
776 1 |t UroOncology  |x 1561-0950  |w (DLC) 2003243494  |w (OCoLC)50447095 
948 |a cataloged  |b h  |c 2004/11/18  |d c  |l furubot  |f 9:08:20 pm 
949 |a AM_DB_MFHD URL added  |b h  |c 2005/2/7  |e rstovall5  |f 3:03:31 pm 
994 |a E0  |b TXA 
999 |a MARS 
999 f f |s 935cc742-9cfe-3948-9d15-de660601b5f6  |i 7fc1a937-4609-3cb4-afe6-dd1ce390a5a2  |t 0 
952 f f |a Texas A&M University  |b College Station  |c Electronic Resources  |d Available Online  |t 0  |e RC280.G52 U76  |g Electronic  |h Library of Congress classification 
998 f f |a RC280.G52 U76  |t 0  |l Available Online